00810nam a2200229 a 450000100100000000500170001000800410002702000150006802000150008304000250009810000240012324500400014726000470018730000270023449000170026150000360027883000240031404900090033895201050034795201110045299900170056300002704020200930030550.0110329s2003 dr a 000 0 spa d a9993433705 a9993433705 aDO-SdBNPbspacBNPHU1 aPeiran, Alan95413410aHierbas medicinales /cAlan Peiran. aSanto Domingo :bEditorial Fénix,c2003. a43 P. :bil. ;c21 cm.1 aSulud y vida aInfusiones con hierbas, recetas 0aSulud y vida954135 aBNPD 0010718PDaPDbPDcCTd2011-03-29iLF1l0o p27040-10r2020-06-25w2020-06-25yLFPDZNo se presta 0010718PDaPDbPDcCTd2011-04-27iLF1l0o p27040-20r2020-06-25te. 2w2020-06-25yLFPDZNo se presta c26532d26532